000 01213nam a2200361 i 4500
001 000013307
003 DO-SdBPM
005 20250819135523.0
007 ta
008 091123s1987 dr a er 001 h spa d
040 _aDO-SdBPM
_bspa
_cBPMSU
_erda
041 _hspa
082 4 _aRD867.44
_bC744v, 1987
_222
100 1 _aConcha, Leonel,
_eautor
245 1 3 _aLa vida en broma :
_b(quinto libro) /
_cLeonel Concha ; prólogo, Roberto Marcallé Abreu.
264 4 _aSanto Domingo :
_bBiblioteca Nacional Pedro Henríquez Ureña (BNPHU),
_c1987?.
300 _a200 páginas :
_bilustraciones ;
_c22 cm.
336 _atexto
_btxt
_2rdacontent
337 _asin mediación
_bn
_2rdamedia
338 _avolumen
_bnc
_2rdacarrier
490 0 _aColección Orfeo ;
_v5
590 _aInventariado 2025 /VM
650 7 _aHumorismo dominicano
650 7 _aLiteratura dominicana.
650 z _aDominican literature
700 1 _aMarcallé Abreu, Roberto,
_eprologuista
_4pr.
710 2 _aBiblioteca Nacional Pedro Henríquez Ureña
710 z _aRepública Dominicana.
_bBiblioteca Nacional
710 z _aBNPHU
710 z _aB.N.P.H.U
910 _a VMateo V. Control de calidad. BPMSU
942 _2ddc
_cBK
999 _c9225
_d9225